| 000 | 01496cam a22003013a 4500 | ||
|---|---|---|---|
| 001 | 16393178 | ||
| 003 | OSt | ||
| 005 | 20140310182244.0 | ||
| 008 | 980521s1998 xxu 000 1 eng | ||
| 010 | _a 98815885 | ||
| 020 | _a0671016954 | ||
| 035 | _a(DLC) 98815885 | ||
| 040 |
_aDLC _cDLC _dDLC |
||
| 050 |
_aPZ 7 _b.R376s7 2000 |
||
| 082 |
_aFIC# _bSAB #7 |
||
| 100 | 1 |
_aReisfeld, Randi. _919315 |
|
| 245 | 1 | 0 |
_aAll you need is a love spell / _cRandi Reisfeld. |
| 260 |
_aNew York : _bArchway Paperbacks, _cc1998. |
||
| 300 |
_a161 p. ; _c18 cm. |
||
| 440 |
_aSabrina, the teenage witch _n#7 _919316 |
||
| 520 | _aSabrina just can't figure it out. All of a sudden, her entire school has been bitten by the love bug. Everyone is pairing off - but with the wrong people! Even Libby, Miss Super Cool, has fallen head over heels for the biggest nerd in the school! Sabrina laughs it all off until Harvey -- her very own Harvey -- gets a case for someone else! With everyone pairing up, Quentin, that Greek god of an exchange student, starts flirting with Sabrina. But there's something strange about his sudden attentions that Sabrina just can't figure out. And how can she think of Quentin when Harvey's under a love spell? | ||
| 650 |
_2Witchcraft _xFiction _9746 |
||
| 650 |
_aWitches _xFiction. _919317 |
||
| 710 | 2 |
_aCopyright Paperback Collection (Library of Congress) _5DLC _9705 |
|
| 906 |
_a7 _bcbc _corignew _d2 _encip _f19 _gy-genrareb |
||
| 942 |
_2lcc _cBK-FIC |
||
| 999 |
_c11208 _d11208 |
||